Krajina, kde pivo láme všetky tabu
Kelt - značka piva, ktorú slovenská dcérska firma holandského Heinekenu vymyslela a uviedla na trh. Spoločnosť Heineken ako vlastník slovenských značiek pív Kelt, Corgoň, Zlatý Bažant, Gemer. Kelt v tzv. economy kategórii. Kelt na poste najpredávanejšieho piva, hoci Heineken marketingovo viac podpor...
Na minha lista:
| Autor principal: | |
|---|---|
| Formato: | Capítulo de Livro |
| Idioma: | eslovaco |
| Assuntos: | |
| Tags: |
Sem tags, seja o primeiro a adicionar uma tag!
|
MARC
| LEADER | 00000naa a2200000 4500 | ||
|---|---|---|---|
| 001 | 0174239 | ||
| 005 | 20231113080947.2 | ||
| 041 | 0 | |a slo | |
| 044 | |a SK | ||
| 245 | 1 | 0 | |a Krajina, kde pivo láme všetky tabu |c Ivan Haluza |
| 520 | |a Kelt - značka piva, ktorú slovenská dcérska firma holandského Heinekenu vymyslela a uviedla na trh. Spoločnosť Heineken ako vlastník slovenských značiek pív Kelt, Corgoň, Zlatý Bažant, Gemer. Kelt v tzv. economy kategórii. Kelt na poste najpredávanejšieho piva, hoci Heineken marketingovo viac podporuje značky Zlatý Bažant a Corgoň. Relatívne stabilizované obdobie a zisky v posledných piatich rokoch. Komu patria značky piva predávané na Slovensku. | ||
| 610 | 2 | 0 | |a pivo |
| 610 | 2 | 0 | |a pivovarníctvo |
| 610 | 2 | 0 | |a pivovary |
| 610 | 2 | 0 | |a značky výrobkov |
| 610 | 2 | 0 | |a Slovensko |
| 100 | 1 | |a Haluza, Ivan | |